000 01222nam a2200325Ia 4500
001 ebr10687749
003 CaPaEBR
006 m u
007 cr cn|||||||||
008 121212s2013 inu s 000 0 eng d
010 _z 2012955720
020 _z9781118495810 (pbk. : alk. paper)
020 _z1118495810 (pbk. : alk. paper)
020 _z9781118495803
040 _aCaPaEBR
_cCaPaEBR
035 _a(OCoLC)846999282
050 1 4 _aQA76.76.S46
_bY68 2013eb
082 0 4 _a004.682
_223
100 1 _aYoung, Shane.
245 1 0 _aProfessional Sharepoint 2013 administration
_h[electronic resource] /
_cShane Young.
250 _a1st ed.
260 _aIndianapolis, IN :
_bJohn Wiley & Sons, Inc.,
_c2013.
300 _a805 p.
533 _aElectronic reproduction.
_bPalo Alto, Calif. :
_cebrary,
_d2013.
_nAvailable via World Wide Web.
_nAccess may be limited to ebrary affiliated libraries.
630 0 0 _aMicrosoft SharePoint (Electronic resource)
650 0 _aIntranets (Computer networks)
655 7 _aElectronic books.
_2local
710 2 _aebrary, Inc.
856 4 0 _uhttp://site.ebrary.com/lib/rucke/Doc?id=10687749
_zAn electronic book accessible through the World Wide Web; click to view
999 _c28506
_d28506